The late Walter Benjamin /

Bibliographic Details
Main Author: Schad, John, 1960-
Corporate Author: ebrary, Inc
Format: eBook
Language:English
Published: London ; New York : Continuum, [2012]
Series:New directions in religion and literature.
Subjects:
Online Access:Connect to the full text of this electronic book

MARC

Tag First Indicator Second Indicator Subfields
LEADER 00000cam a2200000 a 4500
001 in00002785543
006 m o d
007 cr cn|||||||||
008 110916s2012 enka ob 001 1deng d
005 20250816205544.4
010 |z  2011035571 
020 |z 9781441177681 (pbk.) 
020 |z 9781441171702 (hardcover) 
020 |z 9781441148612 (e-book) 
035 |a (CaPaEBR)ebr10562631 
035 |a (OCoLC)795631959 
040 |a CaPaEBR  |c CaPaEBR  |d UtOrBLW 
043 |a e-uk-en 
050 1 4 |a PR6119.C375  |b L38 2012eb 
082 0 4 |a 823/.92  |2 22 
100 1 |a Schad, John,  |d 1960- 
245 1 4 |a The late Walter Benjamin /  |c John Schad. 
264 1 |a London ;  |a New York :  |b Continuum,  |c [2012] 
264 4 |c ©2012 
300 |a 1 online resource (xvi, 242 pages) :  |b illustrations 
336 |a text  |b txt  |2 rdacontent 
337 |a computer  |b c  |2 rdamedia 
338 |a online resource  |b cr  |2 rdacarrier 
490 1 |a New directions in religion and literature 
504 |a Includes bibliographical references and index. 
500 |a Electronic resource. 
600 1 0 |a Benjamin, Walter,  |d 1892-1940  |v Fiction. 
650 0 |a Experimental fiction. 
651 0 |a England  |v Fiction. 
655 7 |a Electronic books.  |2 local 
710 2 |a ebrary, Inc. 
830 0 |a New directions in religion and literature. 
856 4 0 |u https://ebookcentral.proquest.com/lib/tamucs/detail.action?docID=918768  |y Connect to the full text of this electronic book  |t 0 
980 |a 121127  |b 110  |c USD  |e 165  |f YBP_EBR0000047632  |g 1 
999 f f |s c0f12f40-f4f9-3913-8044-e688ab0d964f  |i 01220e36-dba5-34c1-a72b-6845c9f50e82  |t 0 
999 |a MARS 
952 f f |a Texas A&M University  |b College Station  |c Electronic Resources  |d Available Online  |t 0  |e PR6119.C375 L38 2012eb  |h Library of Congress classification 
998 f f |a PR6119.C375 L38 2012eb  |t 0  |l Available Online